[Event "Olympiad-40"]
[Site "Istanbul"]
[Date "2012.09.03"]
[Round "6.1"]
[White "Giri, Anish"]
[Black "Dgebuadze, Alexandre"]
[Result "1-0"]
[WhiteElo "2711"]
[BlackElo "2556"]
[Annotator "Erenburg,S"]
[PlyCount "83"]
[EventDate "2012.08.28"]
[EventType "team-swiss"]
[EventRounds "11"]
[EventCountry "TUR"]
[SourceTitle "CBM 151"]
[Source "ChessBase"]
[SourceDate "2012.11.13"]
[SourceVersion "1"]
[SourceVersionDate "2012.11.13"]
[SourceQuality "1"]
[WhiteTeam "Netherlands"]
[BlackTeam "Belgium"]
[WhiteTeamCountry "NED"]
[BlackTeamCountry "BEL"]

1. e4 e6 2. d4 d5 3. e5 c5 4. c3 Bd7 5. Nf3 Nc6 6. Be2 Nge7 7. O-O {Normally
Black wants to place his knight on f5, but if he does so right away, White can
capture on c5, after which Black has no targets in the centre to attack.
Therefore, Black usually waits for White's actions by playing some waiting
move like 7...Rc8 or prevents White from taking on c5 with 7...cxd4.} cxd4 8.
cxd4 a6 {This is a very rare continuation, the idea of which is not easy to
get (at least it wasn't easy for me): Black is preparing the a7-square for the
queen to withdraw to from b6 in case White attacks it with the knight from a4.
However, moves like these are played when there is some tension in the centre
and when Black is waiting for White's t take some action. Here are a couple of
games with the more standard 8...Nf5 and Qb6:} (8... Nf5 9. Nc3 (9. Na3 $5 Bxa3
10. bxa3 Qb6 11. Be3 $13) 9... Be7 10. Be3 O-O 11. Bd3 Nxe3 12. fxe3 f5 13.
exf6 (13. Ne2 Qb6 $132) 13... Bxf6 14. Qc2 h6 15. Qe2 Qe7 16. Rad1 g5 17. h3
Qg7 18. Bb1 Rad8 $11 {0-1 Sandipan,C (2579)-Ni Hua (2710)/Beijing 2008/CBM 126
Extra (37)}) (8... Qb6 9. Na3 Nf5 10. Nc2 h5 {Securing the f5 outpost for the
knight by preventing White's g2-g4.} 11. b3 a5 12. Bb2 Be7 13. Ne3 $1 {Black's
kingside has become somewhat vulnerable after the advance of the h-pawn, so,
White is trying to open up the game there.} Nxe3 14. fxe3 a4 15. Rb1 axb3 16.
axb3 Ra2 17. Kh1 Nb4 18. Bc3 O-O 19. Ng1 h4 20. Nh3 Nc2 21. Bd2 Na3 22. Rc1 Rb2
23. b4 Bxb4 $4 (23... Bb5 $1 $15 {would prevent White's attack.}) 24. Bd3 $18
g6 25. Qg4 Kg7 26. Bxb4 Qxb4 27. Nf4 {1-0 Shirov,A (2726)-Kortschnoj,V (2601)/
Drammen Smartfish Masters (4) 2004 (27)}) 9. Nc3 ({Here,} 9. Na3 {[%cal Ya3c2]
is possible as well. In this case, the game would be similar to that after 8...
Qb6.}) 9... Nf5 10. Bg5 $5 {Strange as it may seem, White is provoking Black
to advance the b-pawn. In that case, the dark squares in the Black's camp will
be vulnerable and Black will not have any counterplay linked with the attack
of the b2-pawn along the b-file.} Qb6 11. Na4 Qa7 12. Be3 $1 $146 ({In the
preceding game, White tried} 12. Nc5 {,but didn't get an opening advantage:}
Bxc5 13. dxc5 Qxc5 14. Rc1 Qb6 15. Bd3 h6 16. Bd2 O-O 17. b4 Rfd8 18. a3 Qc7 (
18... Ncd4 $1 $15 {[%cal Yd7b5]}) 19. g4 Nfe7 20. h4 Ng6 21. Re1 $44 {1-0
Podinic,V (2412)-Tasev,D (2134)/Obrenovac 2010/CBM 139 Extra (44)}) 12... b5 {
That was pretty much forced. Otherwise, White would bring the rook to c1 and
occupy the c5-spot.} 13. Nc3 Be7 14. Bd3 {[%cal Yc3e2,Ye2f4] Forcing Black to
exchange on e3 and preparing the e2-square for the queenside knight.} Nxe3 {
Once again, Black had not much choice.} (14... g6 {is not really playable,
given that Black's monarch will have to reside on the kingside.}) 15. fxe3 O-O
16. Ne2 f5 {While there is nothing particularly wrong with this move, it
allows White to steadily build up the attack.} ({I feel more comfortable with} 
16... f6 $5 {, which probably forces White to take on f6:} 17. exf6 Rxf6 18.
Nf4 Raf8 $11) ({Another reasonable alternative was} 16... Rac8 17. Nf4 Nb4 18.
Bb1 Qc7 19. Qd2 g6 $13) 17. h4 {White's plan is crystal clear: bring the
knights to f4 and g5 and strike with a g2-g4 breakthrough.} Be8 $2 {This is
definitely way off.} ({Black had to prevent White's direct attack by playing} 
17... Rac8 18. Nf4 Qb6 19. Kh2 ({Now} 19. g4 {does not work:} fxg4 20. Ng5 Bxg5
21. hxg5 Nxe5 $1) 19... g6 $13) 18. Nf4 Qd7 (18... Bf7 19. g4 g6 20. gxf5 gxf5
$14) 19. g4 $1 fxg4 $2 {This plays into White's hands, as Black has just
opened two additional diagonals, b1-h7 and d1-h5, for White's forces.} (19...
Bg6 {is not much better:} 20. h5 Bf7 21. gxf5 exf5 22. Kh2 $16 {[%cal Yf1g1]})
({Black has to play passively and more cautiously here:} 19... g6 $1 20. gxf5
gxf5 21. Kh2 $14 {although, White's advantage is undoubtful.}) 20. Ng5 Bxg5 (
20... Rxf4 21. Bxh7+ Kh8 22. Rxf4 Bxg5 23. Rf8+ Kxh7 24. hxg5 $18) 21. hxg5 $16
{Black is suffering for free now. White is going to take back the pawn and
continue his attack on the kingside.} Nb4 22. Bb1 Bg6 $2 {Loses right away.} ({
Surprisingly, Black could still continue his resistance with} 22... g3 $1 23.
Qg4 Rc8 24. Qxg3 g6 (24... Nc2 25. Qh3 Bg6 26. Bxc2 Rxc2 27. Qxe6+ Qxe6 28.
Nxe6 $16) 25. Qh3 Bf7 26. a3 Nc2 27. Ra2 $16) 23. Nxg6 {Now it's over. If
Black takes the knight back, then there is no way to parry White's threats.}
Rxf1+ (23... hxg6 24. Bxg6 Nc6 25. Qxg4 Ne7 26. Bd3 Nf5 27. Bxf5 exf5 28. Qh5
g6 29. Qxg6+ Qg7 30. Qe6+ Qf7 31. Qd6 $18) 24. Qxf1 Qd8 25. a3 Nc6 26. Nf4 $18
{White is a piece up, so the game is over.} Qxg5 27. Kg2 Ne7 28. Bd3 Nf5 29.
Bxf5 Qxf5 30. Qd3 Qf7 31. Rf1 Rf8 32. Qd1 h5 33. Rf2 g5 34. Nd3 Qg6 35. Rxf8+
Kxf8 36. Nc5 Ke8 37. Qd3 Qf7 38. Qf1 Qg6 39. Qf6 Qc2+ 40. Kg3 Qe2 41. Qh8+ Ke7
42. Qg7+ 1-0

[Event "Pardubice KB Czech op"]
[Site "Pardubice"]
[Date "2003.07.23"]
[Round "6"]
[White "Erenburg, Sergey"]
[Black "Gunnarsson, Jon Viktor"]
[Result "1/2-1/2"]
[WhiteElo "2512"]
[BlackElo "2411"]
[Annotator "Erenburg,S"]
[PlyCount "163"]
[EventDate "2003.07.18"]
[EventType "swiss"]
[EventRounds "9"]
[EventCountry "CZE"]
[SourceTitle "CBM 095 Extra"]
[Source "ChessBase"]
[SourceDate "2003.09.04"]
[SourceVersion "1"]
[SourceVersionDate "2003.09.04"]
[SourceQuality "1"]

1. e4 e6 2. d4 d5 3. e5 c5 4. c3 Qb6 5. Nf3 Bd7 {It is one of the safest and
the most principal attempts to equalize in French defence with 3.e5.} 6. Nbd2
$5 {Rare, but interesting continuation. The main idea of this move is to force
black to define the pawn structure after Nb3. Other possibilities, which are
more popular:} (6. a3) (6. Bd3) (6. Be2) 6... a5 $6 {Probably it isn't the
most principal continuation on white's attempt to get the advantage. More
logiacal are the following options:} (6... cxd4 7. Nxd4 Nc6 8. N2f3 Nxd4 9.
Nxd4 Bc5 10. Qg4 Ne7 11. Bd3 Bxd4 12. Qxd4 Qxd4 13. cxd4 Nf5 14. Be3 Nxe3 15.
fxe3 Rc8 {1/2-1/2 Bareev,E-Eingorn,V/Halkidiki 2002/CBM 92 no vc (60) with
strong drawish tendances.}) (6... Nh6 7. Nb3 $1 Ba4 8. Bxh6 gxh6 9. dxc5 Bxc5
10. Qd2 Bxb3 11. axb3 Nc6 12. Qc2 Rc8 13. Ra4 $14 {1-0 Dvoirys,S-Eingorn,V/
Geneve 2001/EXT 2002 (25)}) (6... Bb5 {is untested by strong players.} 7. Bxb5+
(7. c4 $5) 7... Qxb5 8. a4 {[%cal Gd2b3]}) (6... Nc6 7. Nb3) 7. Bd3 Nc6 (7...
Bb5 $2 {is already parried by} 8. Qb3 c4 9. Nxc4 dxc4 10. Bxc4 $18) (7... cxd4
8. Nxd4 {[%cal Yd2f3]}) 8. dxc5 Bxc5 9. Qe2 $1 {preventing black's counterplay.
} (9. O-O f6 {attacking white's center.}) 9... Nge7 $6 {allowing white to get
a pair of bishops, eliminating the dark-sqaured one.} ({Better is} 9... a4 10.
b4 axb3 11. Nxb3 Be7 12. O-O $14 {[%cal Gc1e3]}) (9... f6 10. Nb3) 10. Nb3 a4
11. Nxc5 Qxc5 12. O-O $16 {White can be very satisfied by the results of the
opening. He succeeded to build strong center, to get pair of bishops,
remaining black with passive light-squared one and with weaknesses of dark
squares in his camp.} Ng6 13. Be3 $1 Qe7 14. b4 $1 {[%cal Ge3c5]} axb3 ({
Black cannot play} 14... Ngxe5 {, in view of} 15. Nxe5 Nxe5 16. Bc5 Qf6 (16...
Qg5 17. f4) 17. Bd4 $18) 15. axb3 {White is going to occupy the a3-f8 diagonal
by his powerful dark-squared bishop.} O-O 16. b4 Rfc8 17. Bc5 Qe8 18. Qe3 {
White's domination is absolute. He has a big space advantage, pair of bishops,
his pieces are much more active. All these factors give white possibility to
start attack on the black monarch with following h2-h4-h5.} Nce7 19. Nd4 {
occupying an excelent position and covering the f5 square.} Rxa1 {Of course,
black started with the trades, as he suffers from a lack of space.} 20. Rxa1
Ra8 21. Re1 $6 {Better was immediate} (21. Rxa8 Qxa8 22. h4 $16 {[%cal Gh4h5]
with big advantage.}) 21... Nc8 $1 {[%cal Gb7b6]} 22. b5 ({Deserves attention:
} 22. Nf3 Bb5 23. Bxg6 fxg6 24. Nd4) 22... b6 $1 23. Bb4 Na7 $1 {And now white
realizes, that he cannot save the b5 pawn...} 24. h4 $1 ({After} 24. Ra1 Nxb5
25. Rxa8 Qxa8 26. Bxb5 Bxb5 27. h4 {white gets sufficient compensation, but it
isn't enough for an advantage.}) 24... Nxh4 $8 (24... Nxb5 25. h5 $40 {[%cal
Gh5h6]}) 25. Ra1 Qb8 {Black has to transfer his queen to b7, in order to play
Nc8.} 26. Bd6 (26. c4 $5) (26. Ra6 $5) 26... Qb7 27. Qc1 $1 {[%cal Gc1a3,Ga3a6]
} (27. c4 {[%cal Gc4c5] is still interesting.}) 27... Nc8 $8 28. Rxa8 Qxa8 29.
Qg5 {[%cal Gg5d8,Gg5h4] That's the point!} Nxd6 30. Qxh4 ({Doesn't promise
anything:} 30. exd6 Ng6 31. Bxg6 {, due to} f6 $3 (31... hxg6 32. Nc6 $1 Qe8 (
32... Bxc6 33. bxc6 f6 34. d7 $3 $18) 33. Ne7+ Kf8 34. Qh4 f6 35. Qh7 $16) 32.
Qe3 hxg6 (32... e5 33. Nb3 hxg6 34. Qxb6 $18) 33. Nxe6 Qa3 $1 {and black,
probably, will get a draw.}) 30... Nf5 31. Bxf5 $1 {Of course, white saves his
excellent knight.} exf5 32. Qe7 Qc8 $1 (32... Qe8 33. Qd6) 33. Nc6 $1 (33. Qd6
$4 Qxc3 $11) 33... h6 $1 34. Qd6 {[%cal Gc6e7]} Kh7 35. Qxd5 Qe8 (35... Be6 36.
Qd4) 36. c4 $16 {White is going to organize the passed "b" pawn.} Be6 37. Qd4
Qa8 $1 38. c5 {White organizes the passed pawn "b".} (38. Qxb6 Qa4 $3 {[%cal
Ga4d1,Gd1h5]} 39. Qd4 Bxc4 $11) 38... bxc5 39. Qxc5 Qa4 $1 40. f3 {closing the
h5-d1 diagonal.} Qd1+ 41. Kh2 Bd5 $1 {Black is activizing his pieces in order
to create the counterplay on the kingside and to find some perpetual check.}
42. Qd4 $6 (42. Nb4 $142 Qe1 43. Nd3 $16) 42... Qe1 $1 {[%cal Gd5e4] and now
it isn't so clear how to win this position.} 43. Nb4 (43. Qf4 g6 44. Nb4 Be4
$11) {[%tqu "En","Please find the best move for black.","","","d5e4","",10]}
43... Be4 $1 44. Nd3 {White tries to win the game at any price, going to the
QQ endgame without pawn!} (44. fxe4 Qh4+ 45. Kg1 Qe1+ $11) 44... Bxd3 45. Qxd3
Qxe5+ 46. Kh3 Qc5 47. Qd7 f4 $1 48. Kh2 (48. Qxf7 Qxb5 $11) 48... Qh5+ 49. Kg1
Qc5+ 50. Kf1 Qc4+ 51. Ke1 g6 (51... Qc1+ $11) 52. Qc6 Qd4 53. Ke2 Qe3+ 54. Kf1
Qd3+ 55. Kg1 Qd4+ 56. Kh2 Qd8 57. Qe4 $1 Qf6 $2 {The mistake white waited for!}
(57... Qh4+ 58. Kg1 Qf6 $11) 58. Qb4 $1 {[%cal Yb4e1,Gb5b6]} Qb6 $8 59. Qxf4
$16 Kg8 (59... Qxb5 {loses on the spot:} 60. Qxf7+ Kh8 61. Qxg6 $18) 60. Qe5 {
cutting the black monarch from the queenside.} Kf8 61. Kg3 f6 $1 62. Qe2 $1 {
not allowing the transfer of black K to the queenside.} Qd6+ 63. Kh3 h5 64. Qc4
Ke7 65. Qe4+ Kf7 66. Qb7+ Ke6 67. b6 {White succeeded to advance his passed
pawn "b", but black Q+K are too close to "b" line.} Qd7 68. Qa6 (68. Qa7 g5)
68... Kd6+ 69. Kh2 Qc6 70. Qa7 {White had possibility to go on the QQ endgame
with pawn up, but black's chances to get the draw are too high:} (70. Qd3+ Ke7
71. Qxg6 Qxb6 72. Qxh5 Qd4 {and with the right defence black will achieve a
draw.}) 70... Qc5 $2 (70... Qc4 $142) 71. Qb8+ $6 {missing a winning
continuation:} (71. f4 g5 (71... Qc4 72. b7 Qxf4+ 73. g3 Qd2+ 74. Kh3 $18) (
71... Qf2 72. Qc7+ Kd5 73. Qf7+ Kc6 74. Qxf6+ Kb7 75. Kh3 $18) 72. Qf7 $18)
71... Kd7 72. b7 $4 {missing something else...} (72. Qa7+ $142 Kd6 73. f4) {
[%tqu "En","Please find the best continuation for black.","","","c5c7","",10]}
72... Qc7+ $1 {Unpleasant surprise...} 73. Qxc7+ Kxc7 74. Kg3 {After a so good
position white had during the game, he has to find right moves to get the draw!
} Kxb7 (74... g5 $6 75. f4 Kxb7 76. fxg5 fxg5 77. Kf3 Kc6 78. Ke4 Kd6 79. Kf5
g4 80. Kg5 Ke5 $11) 75. Kh4 $1 Kc6 76. f4 $1 Kd5 77. f5 gxf5 78. Kxh5 Ke5 79.
Kg6 f4 80. Kg7 {The precisest one.} Kf5 81. Kf7 Kg5 82. Ke6 (82. Ke6 f5 83. Ke5
Kg4 84. Kf6 $11) 1/2-1/2

[Event "Dresden ZMD op"]
[Site "Dresden"]
[Date "2004.07.21"]
[Round "7"]
[White "Erenburg, Sergey"]
[Black "Uhlmann, Wolfgang"]
[Result "1-0"]
[WhiteElo "2533"]
[BlackElo "2411"]
[Annotator "Erenburg,S"]
[PlyCount "73"]
[EventDate "2004.07.15"]
[EventType "tourn"]
[EventRounds "9"]
[EventCountry "GER"]
[SourceTitle "CBM 103"]
[Source "ChessBase"]
[SourceDate "2004.11.11"]
[SourceVersion "1"]
[SourceVersionDate "2004.11.11"]
[SourceQuality "1"]

1. e4 e6 {Uhlmann is one of the greatest experts of French defence.} 2. d4 d5
3. e5 {White's main idea of Advance variation is to get a space advantage,
while, black usually presses white's centre.} c5 {This continuation is more
popular than} (3... b6 {[%cal Yc8a6] 1-0 Erenburg,S-Deutsch,E/Tel Aviv 2002/
CBM 92/[Erenburg] (41)}) 4. c3 Nc6 {Another attempt to equalize is} (4... Qb6
5. Nf3 Bd7 {1/2-1/2 Erenburg,S-Gunnarsson,J/Chech Open Pardubice 2003/
[Erenburg] (82)}) 5. Nf3 Qb6 6. a3 {White's main idea is to catch some space
on the queenside, carrying out b2-b4.} c4 {Black prefers to close the game on
the queenside. Other options are:} (6... a5 {0-1 Erenburg,S-Shachar,E/Tel Aviv
2002/CBM 93/[Erenburg] (35)}) (6... Nh6 {0-1 Erenburg,S-Kortschnoj,V/Beer
Sheva 2004/[Erenburg] (40)}) 7. Nbd2 f6 {Black attacks white's centre. Other
theoretical lines are:} (7... Bd7) (7... Na5 {1-0 Erenburg,S-Sangma,R/Goa 2002/
CBM 91 ext/[Erenburg] (35)}) 8. Be2 fxe5 9. Nxe5 Nxe5 10. dxe5 Bc5 11. O-O Ne7
12. b4 {In this way white gets a pair of bishops, but, black gets a superior
pawn structure as compensation for it.} cxb3 13. Nxb3 O-O 14. Nxc5 Qxc5 {
My opponent had this position twice in previous games.} 15. Qd3 (15. Qb3 Nf5
16. a4 Qc7 17. Ba3 Rf7 18. Rae1 Bd7 19. Bd3 Rc8 20. Bb2 Qc6 {and black's
position isn't worse. 0-1 Roos,J-Uhlmann,W/Germany 1998/GER-chT (43)}) (15. Qc2
d4 16. Bd3 Nf5 17. cxd4 Qxc2 18. Bxc2 Nxd4 19. Be4 Ne2+ 20. Kh1 Nc3 21. Bf3 $14
{and white's chances are obviously better. 1-0 Haba,P-Uhlmann,W/Wattens 1996/
EXT 2000 (51)}) 15... b6 $146 {I'm not sure black chose the best move. He had
the following possibilities:} (15... Qc7 16. Bg5 $1 Rf7 17. f4 Bd7 $6 18. Bh5
Qc5+ 19. Kh1 Rff8 20. Rab1 b6 21. c4 $1 {with complicated play in 1/2-1/2
Grischuk,A-Pelletier,Y/Biel 2001/CBM 85/[Pelletier] (61)}) ({After} 15... Bd7
16. a4 Be8 17. Ba3 Qc7 18. Qh3 $36 {white succeeds to develop the initiative.})
(15... Nf5 {can be met by} 16. g4 $1 $36) (15... Rf7 16. Be3 Qc7 17. f4 Bd7 $13
{with approximately equal chances.}) 16. a4 $1 {adding the option of occupying
the a3-f8 diagonal by the dark-squared bishop.} Rf7 {defending the knight and
preparing a transfer of knight to f5.} 17. Bh5 $1 {forcing black to play g7-g6,
that will weaken dark squares in black camp.} g6 ({In case of} 17... Rf5 18.
Ba3 Qc4 (18... Qc7 19. Bd6 $14) 19. Qxc4 dxc4 20. Bg4 $16 {and white's
position is better, thanks to an active pair of bishops.}) 18. Bg4 Nf5 19. Bg5
{White is going to occupy the f6 square by his dark-sqaured bishop, that will
give him good chances for an attack on black king.} Qc4 {Black improves the
position of his queen, that will help him to defend against white's attack on
the kingside.} 20. Qh3 {The decision to keep the queens on the board seems
very logical, but, maybe, white should have prefered the following possibility:
} (20. Qxc4 dxc4 21. Be2 $16 {and white gets an obvious advantage, thanks to
pair of bishops and weak black's queenside pawns.}) 20... h5 $1 {In this way,
black solves the problem of developing the light-squared bishop.} 21. Bxf5 exf5
$1 {Very strong move, which liberates the e6 square for the bishop.} ({Worse is
} 21... Rxf5 22. Bf6 $36) 22. Rfe1 $2 {After this inaccuracy, white throws
away his advantage.} ({Better was} 22. Rfd1 Qg4 (22... Be6 {black's position
becomes dangerous.} 23. Rd4 $16) 23. Qxg4 fxg4 24. Rxd5 Rd7 (24... Be6 25. Rd6
$16) 25. c4 $18) ({After} 22. e6 Bxe6 23. Rfe1 {black probably will neutralize
white's initiative.} Re8 {[%cal Yc4g4] threatening with Qg4.}) 22... Be6 23.
Bf6 {Otherwise, black could play Qg4, trading the queens.} Rc8 24. Qe3 $1 {
threatening with Qh6.} Kh7 25. Rec1 Rfc7 {After the inaccuracy on 22-nd move,
the position became unclear. White doesn't have any concrete initiative on the
kingside. Black's pieces are more active. But, we cannot evaluate the position
as worse for white, becuase every opening of the game will lead to troubles
for black monarch.} 26. h4 {Prophylactic move, which liberates the h2 square
for the king.} d4 $2 {It is terrible mistake to open up the game, when there
is so dangerous bishop on f6.} ({Much better was} 26... Qb3 27. Qg5 (27. a5
Rxc3 28. Rxc3 Qxc3 29. Qxc3 Rxc3 30. axb6 axb6 31. Ra7+ Kg8 $11) 27... Rxc3 28.
Rcb1 Qc4 29. Bg7 $1 Kxg7 30. Qf6+ Kh7 31. Qe7+ Kh6 $11) 27. cxd4 Qxc1+ 28. Rxc1
Rxc1+ 29. Kh2 $16 R1c3 ({More resistant was} 29... R1c7 $16) 30. Qd2 {
threatening with d4-d5.} Bd5 31. Qb2 $1 {[%mdl 2048] White threatens with Qb5,
thus, he forces black to play Rb3, that will discoordinate black's forces.} ({
It was not so late to make a mistake.} 31. e6 $2 R3c6 $1) 31... Rb3 $8 32. Qe2
$1 {[%cal Ye5e6][%mdl 2048] intending to advance the "e" pawn.} Rc6 ({In case
of} 32... f4 {white reacts with} 33. Qd2 $1 (33. e6 $4 Rc1 $19 34. e7 Rh3+ {
with mate.}) 33... f3 34. g4 hxg4 35. Qg5 Be6 36. Bd8 $18) 33. Be7 $1 {[%cal
Ge7d6,Ye5e6,Ye2a6][%mdl 2048] improving the location of dark-squared bishop,
transfering it to d6, afterware white's threats Qa6 and e6 will be unparried.}
(33. Qa6 $2 Rc7 34. Bd8 $4 Bc4 $19) 33... f4 {[%cal Yc6c1,Gb3h3,Yd5h1,Gc1h1]
building the mating construction of Rc1, Rh3+} ({Black doesn't survive after} 
33... Bc4 {as well:} 34. Qd2 Rd3 35. Qg5 $18) 34. Qd2 $1 $18 {[%mdl 2048]
After this exact move, black is hopeless.} f3 ({Doesn't change anything:} 34...
Rc7 35. Bd6 Rf7 36. Qe1 $1 {[%cal Ye5e6]} Be6 37. d5 $18) {[%tqu "En","Please
find the best move for white.","","","e7f8","",10]} 35. Bf8 $1 {[%mdl 2048]
Finally, white's forces are coordinated, that decises the result of the game.}
Kg8 36. Qh6 Rc7 ({After} 36... Kf7 {white wins easily:} 37. Qg7+ Ke6 38. Qg8+
$18) 37. Qxg6+ {Black resigned in view of the following variation:} (37. Qxg6+
Kxf8 38. Qd6+ Re7 39. Qd8+ Re8 40. Qxd5 $18 {and white's material advantage is
too big.}) 1-0